| 000 | 00536 a2200157 4500 | ||
|---|---|---|---|
| 020 | _a8171321518 | ||
| 020 | _a9788171321513 | ||
| 090 |
_c2443 _d2443 |
||
| 245 | 0 | 0 | _aManagement and challenges of change. |
| 260 |
_a[S.l.] : _bPointer Publishers, _c1998. |
||
| 300 | _a1 v. (unpaged) | ||
| 500 | _aHardcover. | ||
| 856 | 4 | 0 |
_3Amazon.com _uhttp://www.amazon.com/exec/obidos/ASIN/8171321518/chopaconline-20 |
| 856 | 4 | 0 |
_3Amazon customer reviews _uhttp://www.chopac.org/cgi-bin/tools/azrev.pl?q=8171321518 |
| 942 |
_aNBS _cBK _k658.0096 MAN |
||
| 999 |
_c344940 _d344940 |
||